| 000 | 00738nam a2200205 a 4500 | ||
|---|---|---|---|
| 001 | 000025584 | ||
| 005 | 20200930023908.0 | ||
| 008 | 110218s1983 dr 000 0 spa d | ||
| 040 |
_aDO-SdBNP _bspa _cBNPHU |
||
| 082 |
_axxx _bC965q |
||
| 100 | 1 |
_aCuello H. José Israel _96298 |
|
| 245 | 1 | 0 |
_a¿Qué era la resistencia antitrujillista interna a la hora de la invasión de Constanza, Maimón y Estero Hondo, el 4 de Junio de 1959? / _cJosé Israel Cuello H. |
| 260 |
_aSanto Domingo : _bFundación Testimonio _fTaller _c1983. |
||
| 300 |
_a30 p. ; _c22 cm. |
||
| 490 | 1 |
_aBiblioteca Taller _vno. 161 |
|
| 490 | 1 |
_aTestimonio _vno. 1 |
|
| 830 | 0 |
_aBiblioteca Taller _nno. 161 _952262 |
|
| 830 | 0 |
_aTestimonio _nno. 1 _952263 |
|
| 049 | _aBNPD | ||
| 999 |
_c25076 _d25076 |
||